Biggest towns of Dumfries and Galloway - Statistics

General Stats
  • This quiz has been taken 89 times
  • The average score is 7 of 10
Answer Stats
Population Town or village % Correct
33,440 Dumfries
98%
10,070 Stranraer
92%
4,180 Lockerbie
83%
8,710 Annan
77%
3,170 Gretna
77%
3,320 Kirkcudbright
69%
4,040 Newton Stewart
67%
3,980 Castle Douglas
66%
2,460 Moffat
64%
4,170 Dalbeattie
55%
No matching quizzes found
Score Distribution
Percent of People with Each Score
Percentile by Number Answered
Your Score History
You have not taken this quiz